El teatro en México en la época de Santa Anna : 1840-1850 /
Gespeichert in:
| 1. Verfasser: | |
|---|---|
| Format: | Buch |
| Sprache: | Spanisch |
| Veröffentlicht: |
México :
UNAM, Instituto de Investigaciones Estéticas,
1972, c1972
|
| Schriftenreihe: | (Estudios y Fuentes del Arte en México ;
30) |
| Schlagworte: | |
| Tags: |
Keine Tags, Fügen Sie das erste Tag hinzu!
|
MARC
| LEADER | 00000nam^a2200000^a^4500 | ||
|---|---|---|---|
| 001 | 000142927 | ||
| 005 | 20250521000000.0 | ||
| 009 | 20260310095707.223 | ||
| 037 | |a Acervo ITESO - Biblioteca | ||
| 041 | |a ESP | ||
| 082 | |a 792. 0972 |b REY V. 2 T. 1 | ||
| 100 | |a Reyes de la Maza, Luis |e (autor) | ||
| 240 | 1 | 4 | |a [El teatro en México] |
| 245 | 1 | 3 | |a El teatro en México en la época de Santa Anna : 1840-1850 / |c L. Reyes de la Maza. |
| 264 | 4 | |a México : |b UNAM, Instituto de Investigaciones Estéticas, |c 1972, c1972 | |
| 300 | |a 597 p. | ||
| 336 | |a texto |b txt |2 rdacontenido | ||
| 337 | |a sin mediación |b n |2 rdamedio | ||
| 338 | |a volumen |b nc |2 rdasoporte | ||
| 440 | 1 | |a (Estudios y Fuentes del Arte en México ; |v 30) | |
| 649 | |a XX | ||
| 650 | |a Audiciones Artísticas - |z México - |x Historia - |y Siglo XIX | ||
| 650 | |a Producción (Artes Escénicas) - |z México - |x Historia - |y Siglo XIX | ||
| 650 | |a Decoración y Ornamentación - |z México - |x Historia - |y Siglo XIX | ||
| 650 | |a Escenografía - |z México - |x Historia - |y Siglo XIX | ||
| 650 | |a Representación (Teatro) - |z México - |x Historia - |y Siglo XIX | ||
| 650 | |a Representación (Teatro) - |z México - |x Historia y Crítica | ||
| 650 | |a Teatro Mexicano - |x Historia y Crítica | ||
| 650 | |a Teatro - |z México - |x Historia - |y Federalismo, 1846-1853 | ||
| 650 | |a Teatro - |z México - |x Historia - |y Federalismo y Centralismo, 1824-1853 | ||
| 650 | |a Teatro - |z México - |x Historia - |y Siglo XIX | ||
| 650 | |a México - |x Historia - |y Federalismo, 1846-1853 | ||
| 650 | |a México - |x Historia - |y Federalismo y Centralismo, 1824-1853 | ||
| 650 | |a México - |x Historia - |y Siglo XIX | ||
| 910 | |a Fondo Salvador Reynoso Reynoso | ||
| 920 | |a Impresos - Libros | ||
| 930 | |a Fondos Especiales | ||
| 905 | |a 112 | ||
| 901 | |a 0800015571 |b IT2 |c ESP |u 20250521 | ||
| 902 | |a https://opac.biblio.iteso.mx/vufind/Record/000142927 | ||